Statistiques concernant 60 compagnies aériennes

Cliquez ici pour prendre le quiz!

Statistiques générales

  • Ce quiz a été pris 426 fois
    (371 depuis la dernière actualisation)
  • Le résultat moyen est 25 sur 60

Statistiques - réponses

Réponse% Correct
British Airways
87%
Lufthansa
78%
Air France
77%
EasyJet
77%
Swiss
76%
Ryanair
75%
Emirates
70%
Alitalia
69%
Turkish Airlines
69%
Transavia
65%
KLM
64%
Delta Airlines
62%
Tap Air Portugal
62%
Qantas
61%
Scandinavian Airlines
60%
Air Canada
58%
Qatar Airways
58%
Flybe
55%
Vueling
55%
Iberia
54%
Virgin Atlantic
54%
Finnair
51%
Royal Air Maroc
51%
United Airlines
51%
Volotea
51%
Norwegian
50%
Singapore Airlines
50%
Japan Airlines
48%
French Bee
47%
Air Austral
44%
Aeroflot
43%
Air China
43%
Aer Lingus
42%
Ethiopian Airlines
42%
Southwest Airlines
39%
Aeroméxico
38%
Brussels Airlines
38%
Etihad Airways
36%
Austrian Airlines
35%
Corsair
34%
Saudia
33%
Air India
31%
Luxair
31%
Icelandair
30%
Pegasus Airlines
25%
Air Berlin
24%
Avianca
22%
Aegean Airlines
21%
Oman Air
20%
Albawings
5%
Belavia
5%
Yeti Airlines
4%
Tunisair
3%
Air Macau
2%
Atlas Blue
2%
Aero Cóndor
1%
Dutch Caribbean Airline
1%
Jetstar Pacific
1%
Buddha Air
0%
FlyPelican
0%

Distribution des résultats

Percentile par nombre de réponses

% des personnes avec chaque résultat

Votre développement - résultats

Vous n’avez pas pris ce quiz depuis la dernière actualisation